| 000 | 00828nam a2200241 ia4500 | ||
|---|---|---|---|
| 003 | OSt | ||
| 005 | 20231019102934.0 | ||
| 008 | 231018n si a gre 000 0 may d | ||
| 020 |
_c0.00 _qhardback |
||
| 040 |
_aPPAK _beng _cPPAK _erda |
||
| 082 | 0 | 4 |
_a372.241 _223 |
| 090 | 0 | 0 |
_a372.241 _bPEN _dR |
| 245 | 0 | 0 |
_aPENDIDIK PELAJAR RENDAH : Dualiran Bahasa Malaysia - Inggeris = _bThe Bilingual PRIMARY EDUCATOR : Bahasa Malaysia- English |
| 264 | 1 |
_aSingapore : _bPreston Corporation Sdn. Bhd., _c[date of publication not identified] |
|
| 300 |
_a10 volumes : _billustrations _c25 cm |
||
| 336 |
_atext _2rdacontent |
||
| 336 |
_astill image _2rdacontent |
||
| 337 |
_aunmediated _2rdamedia |
||
| 338 |
_avolume _2rdacarrier |
||
| 500 | _aContains 10 volumes | ||
| 650 | 1 | 0 | _aEducation |
| 942 |
_2ddc _cB |
||
| 999 |
_c193381 _d193381 |
||